Design '82 /

Saved in:
Bibliographic Details
Corporate Author: Institution of Chemical Engineers (Great Britain)
Format: Book
Language:English
Published: Rugby, Warks : Oxford ; New York : The Institution ; Pergamon Press, 1982.
Edition:1st ed.
Series:EFCE publication series ; no. 22.
Symposium series (Institution of Chemical Engineers (Great Britain)) ; no. 76.
Subjects:
LEADER 01461nam a2200337 a 4500
001 c000178119
003 CARM
005 19830321000000.0
008 820827s1982 enka 000 0 eng
019 1 |a 2315543  |5 LACONCORD2021 
020 |a 0080287735  |c $63.00 (est.) 
020 |a 0852951507 
035 |a (OCoLC)8786220  |5 LACONCORD2021 
040 |a LC  |b eng  |c LC 
050 0 0 |a TP155.5  |b .D46 1982 
082 1 4 |a 660.2/81  |2 19 
245 0 0 |a Design '82 /  |c organised by the Institution of Chemical Engineers at the University of Aston in Birmingham, 22-23 September 1982. 
250 |a 1st ed. 
260 |a Rugby, Warks :  |b The Institution ;  |a Oxford ;  |a New York :  |b Pergamon Press,  |c 1982. 
300 |a 381 p. :  |b ill. ;  |c 22 cm. 
440 0 |a EFCE publication series ;  |v no. 22. 
490 1 |a Symposium series / The Institution of Chemical Engineers ;  |v no. 76. 
500 |a "EFCE event no. 265." 
650 0 |a Chemical plants  |x Design and construction  |x Congresses. 
650 0 |a Design, Industrial  |x Congresses. 
610 2 0 |a Chemical Engineering.  |x Congresses. 
710 2 |a Institution of Chemical Engineers (Great Britain) 
830 0 |a Symposium series (Institution of Chemical Engineers (Great Britain)) ;  |v no. 76. 
852 8 |b CARM  |h A2:AK21B0  |i B05431  |p 0242046  |f BK 
999 f f |i fa293d5a-b35f-5c5c-ac4e-878120abc5e5  |s 251a4dd5-821c-5d71-b427-4dbd98d3a284 
952 f f |p Can circulate  |a CAVAL  |b CAVAL  |c CAVAL  |d CARM 1 Store  |e B05431  |f A2:AK21B0  |h Other scheme  |i book  |m 0242046